| 000 | 01131nam a22002057a 4500 | ||
|---|---|---|---|
| 003 | JO-AjAnu | ||
| 005 | 20250323095924.0 | ||
| 008 | 250317b jo ||||| |||| 00| 0 ara d | ||
| 040 |
_aJO-AjAnu _bara _cJO-AjAnu _dJO-AjAnu _erda |
||
| 041 |
_aara _hara |
||
| 050 |
_aPJ7577 _b2025 |
||
| 100 | 1 |
_aالخوالدة، منى محمد _eمعد _966535 |
|
| 245 | 0 |
_aتداخل الأجناس في الرواية العربية (ثرثرة فوق النيل أنموذجا) = The Intersection of Genres And Manifestations of Gender In Arabic Novel (Tharthara Fawqa al-Nil as a Model) / _cاعداد منى محمد الخوالدة ؛ اشراف عبدالرحيم عزام مراشدة |
|
| 260 | _c2025 | ||
| 300 | _a135 ورقة | ||
| 504 | _aرسالة جامعية ( رسالة ماجستير في اللغة العربية) - جامعة عجلون الوطنية، (عجلون، الاردن) - كلية الآداب، قسم اللغة العربية، 2025. | ||
| 650 | 0 |
_aالقصة العربية - تاريخ ونقد _966536 |
|
| 700 | 1 |
_aمراشدة، عبدالرحيم عزام _eمشرف _966076 |
|
| 942 |
_2lcc _cTHS _n0 |
||
| 999 |
_c33911 _d33911 |
||